[Event "EYCC 2024 - G18"]
[Site "?"]
[Date "2024.08.28"]
[Round "6.10"]
[White "Tsakona, Maria"]
[Black "Lindstad, Livia"]
[Result "0-1"]
[BlackElo "1886"]
[WhiteElo "2031"]
[LiveChessVersion "1.4.8"]

1. e4 {[%clk 1:30:58]} c5 {[%clk 1:30:40]} 2. Nf3 {[%clk 1:31:23]} e6
{[%clk 1:30:53]} 3. d4 {[%clk 1:31:48]} cxd4 {[%clk 1:30:55]} 4. Nxd4
{[%clk 1:32:11]} Nc6 {[%clk 1:30:46]} 5. Nb5 {[%clk 1:30:19]} d6 {[%clk 1:30:36]}
6. c4 {[%clk 1:30:34]} a6 {[%clk 1:28:08]} 7. N5c3 {[%clk 1:30:36]} Nf6
{[%clk 1:27:22]} 8. g3 {[%clk 1:29:29]} Be7 {[%clk 1:25:59]} 9. Bg2
{[%clk 1:29:15]} Ne5 {[%clk 1:25:39]} 10. b3 {[%clk 1:26:26]} Qc7
{[%clk 1:23:31]} 11. O-O {[%clk 1:25:50]} Bd7 {[%clk 1:21:31]} 12. f4
{[%clk 1:21:01]} Qb6+ {[%clk 1:15:43]} 13. Kh1 {[%clk 1:19:42]} Neg4
{[%clk 1:15:09]} 14. Qe2 {[%clk 1:18:50]} h5 {[%clk 1:12:37]} 15. h3
{[%clk 1:10:16]} e5 {[%clk 1:03:39]} 16. f5 {[%clk 0:58:44]} Bc6 {[%clk 0:53:06]}
17. Bf3 {[%clk 0:49:56]} Nh6 {[%clk 0:50:38]} 18. Be3 {[%clk 0:46:02]} Qa5
{[%clk 0:46:54]} 19. a3 {[%clk 0:40:31]} Qc7 {[%clk 0:44:31]} 20. b4
{[%clk 0:37:58]} b6 {[%clk 0:42:10]} 21. Nd2 {[%clk 0:37:06]} Qb7
{[%clk 0:37:09]} 22. Kg1 {[%clk 0:34:08]} b5 {[%clk 0:33:40]} 23. cxb5
{[%clk 0:29:17]} axb5 {[%clk 0:33:15]} 24. a4 {[%clk 0:29:20]} bxa4
{[%clk 0:20:45]} 25. b5 {[%clk 0:28:13]} Bd7 {[%clk 0:21:03]} 26. Rfb1
{[%clk 0:27:28]} a3 {[%clk 0:18:31]} 27. Nc4 {[%clk 0:25:26]} Kf8
{[%clk 0:14:49]} 28. Qd3 {[%clk 0:21:04]} Nxf5 {[%clk 0:13:53]} 29. Bf2
{[%clk 0:18:38]} Nh6 {[%clk 0:13:07]} 30. Nxd6 {[%clk 0:18:19]} Qc7
{[%clk 0:12:22]} 31. Nf5 {[%clk 0:16:56]} Nxf5 {[%clk 0:10:25]} 32. exf5
{[%clk 0:17:20]} Rc8 {[%clk 0:10:41]} 33. Nd5 {[%clk 0:12:44]} Nxd5
{[%clk 0:10:56]} 34. Qxd5 {[%clk 0:13:09]} Bxf5 {[%clk 0:10:25]} 35. b6
{[%clk 0:13:12]} Qb8 {[%clk 0:10:36]} 36. Rc1 {[%clk 0:11:06]} Rd8
{[%clk 0:08:21]} 37. Qa5 {[%clk 0:10:21]} Bc8 {[%clk 0:04:54]} 38. Rc7
{[%clk 0:09:35]} Bd6 {[%clk 0:02:25]} 39. Bc5 {[%clk 0:06:29]} Rh6
{[%clk 0:02:08]} 40. Rd1 {[%clk 0:05:35]} Kg8 {[%clk 0:02:01]} 41. Qxa3
{[%clk 0:01:04]} Bxc7 {[%clk 0:01:08]} 42. Bd5 {[%clk 0:01:17]} Bxb6
{[%clk 0:01:11]} 43. Qb4 Bxc5+ {[%clk 0:01:36]} 44. Qxc5 {[%clk 0:01:42]} Be6
{[%clk 0:01:51]} 45. Bf3 {[%clk 0:02:06]} Rxd1+ {[%clk 0:02:07]} 46. Bxd1
{[%clk 0:02:18]} e4 47. Qc3 Bxh3 {[%clk 0:02:20]} 48. Kh2 {[%clk 0:02:31]} Bg4
{[%clk 0:02:43]} 49. Bb3 {[%clk 0:02:47]} Rf6 {[%clk 0:03:00]} 50. Bc2
{[%clk 0:01:50]} Rf3 {[%clk 0:02:39]} 51. Qe1 {[%clk 0:02:14]} e3
{[%clk 0:02:49]} 52. Kh1 {[%clk 0:01:18]} Qa8 {[%clk 0:02:14]} 53. Kg1
{[%clk 0:01:15]} Rf2 {[%clk 0:02:23]} 54. Bh7+ {[%clk 0:01:36]} Kh8
{[%clk 0:02:38]} 55. Be4 {[%clk 0:01:45]} Qxe4 {[%clk 0:02:45]} 56. Qxf2
{[%clk 0:02:10]} exf2+ {[%clk 0:02:52]} 57. Kh2 {[%clk 0:02:34]} Qe2 0-1

[Event "EYCC 2024 - G18"]
[Site "?"]
[Date "2024.08.28"]
[Round "6.11"]
[White "Zabrzanska, Weronika"]
[Black "Kovacs, Veronika"]
[Result "1/2-1/2"]
[BlackElo "1781"]
[WhiteElo "1999"]
[LiveChessVersion "1.4.8"]

1. e4 {[%clk 1:30:57]} c6 {[%clk 1:30:56]} 2. d4 {[%clk 1:31:12]} d5
{[%clk 1:31:23]} 3. e5 {[%clk 1:31:33]} c5 {[%clk 1:31:48]} 4. dxc5
{[%clk 1:31:50]} e6 {[%clk 1:32:13]} 5. a3 {[%clk 1:31:55]} Bxc5 {[%clk 1:32:37]}
6. Qg4 {[%clk 1:31:58]} Ne7 {[%clk 1:32:36]} 7. Nf3 {[%clk 1:31:49]} O-O
{[%clk 1:30:13]} 8. Bd3 {[%clk 1:30:46]} Ng6 {[%clk 1:30:08]} 9. b4
{[%clk 1:17:22]} Be7 {[%clk 1:30:05]} 10. h4 {[%clk 1:15:31]} f5 {[%clk 1:15:44]}
11. Qg3 {[%clk 1:12:14]} Nc6 {[%clk 1:10:56]} 12. Bf4 {[%clk 1:06:32]} Nxf4
{[%clk 1:07:11]} 13. Qxf4 {[%clk 1:06:59]} Qc7 {[%clk 1:00:27]} 14. Nbd2
{[%clk 1:05:12]} Bf6 {[%clk 0:56:27]} 15. Rb1 {[%clk 0:56:53]} Bxe5
{[%clk 0:54:34]} 16. Nxe5 {[%clk 0:53:26]} Qxe5+ {[%clk 0:54:56]} 17. Qxe5
{[%clk 0:53:25]} Nxe5 {[%clk 0:55:20]} 18. f4 {[%clk 0:53:35]} Ng4
{[%clk 0:47:34]} 19. Nf3 {[%clk 0:52:16]} Bd7 {[%clk 0:47:02]} 20. O-O
{[%clk 0:47:06]} Rac8 {[%clk 0:45:20]} 21. Rfe1 {[%clk 0:44:11]} Rc3
{[%clk 0:40:08]} 22. Nd4 {[%clk 0:41:25]} Kf7 {[%clk 0:37:49]} 23. a4
{[%clk 0:40:45]} Nf6 {[%clk 0:32:22]} 24. Bb5 {[%clk 0:37:21]} Bc8
{[%clk 0:27:40]} 25. Bd3 {[%clk 0:36:39]} Bd7 {[%clk 0:24:09]} 26. Bb5
{[%clk 0:34:38]} Bc8 {[%clk 0:24:26]} 27. Bd3 {[%clk 0:34:49]} Bd7
{[%clk 0:24:50]} 28. Bb5 {[%clk 0:34:31]} 1/2-1/2

[Event "EYCC 2024 - G18"]
[Site "?"]
[Date "2024.08.28"]
[Round "6.12"]
[White "Minaeva, Juliana"]
[Black "Bondar, Daria"]
[Result "1-0"]
[BlackElo "1962"]
[WhiteElo "1807"]
[LiveChessVersion "1.4.8"]

1. d4 {[%clk 1:30:48]} Nf6 {[%clk 1:30:45]} 2. Bg5 {[%clk 1:31:09]} d5
{[%clk 1:27:51]} 3. Bxf6 {[%clk 1:30:37]} exf6 {[%clk 1:26:38]} 4. e3
{[%clk 1:30:50]} c5 {[%clk 1:24:16]} 5. dxc5 {[%clk 1:25:19]} Bxc5
{[%clk 1:24:25]} 6. Bd3 {[%clk 1:24:05]} Nc6 {[%clk 1:21:35]} 7. c3
{[%clk 1:21:42]} O-O {[%clk 1:20:23]} 8. Qc2 {[%clk 1:17:25]} g6 {[%clk 1:20:17]}
9. Nf3 {[%clk 1:16:00]} Ne5 {[%clk 1:05:26]} 10. Be2 {[%clk 1:13:44]} Bf5
{[%clk 1:04:50]} 11. Qb3 {[%clk 1:10:33]} Qd6 {[%clk 0:53:32]} 12. Nd4
{[%clk 1:03:38]} Nd3+ {[%clk 0:40:06]} 13. Bxd3 {[%clk 1:00:07]} Bxd3
{[%clk 0:40:34]} 14. Nd2 {[%clk 0:58:52]} f5 {[%clk 0:38:25]} 15. f4
{[%clk 0:54:09]} b5 {[%clk 0:36:11]} 16. N2f3 {[%clk 0:52:14]} Rfe8
{[%clk 0:33:50]} 17. Kf2 {[%clk 0:51:33]} f6 {[%clk 0:33:03]} 18. Rhe1
{[%clk 0:50:00]} Re7 {[%clk 0:29:07]} 19. Qd1 {[%clk 0:43:18]} Be4
{[%clk 0:28:35]} 20. b4 {[%clk 0:35:52]} Bb6 {[%clk 0:27:48]} 21. a4
{[%clk 0:35:48]} bxa4 {[%clk 0:27:20]} 22. Rxa4 {[%clk 0:35:09]} Rc8
{[%clk 0:27:02]} 23. Qd2 {[%clk 0:31:28]} Qc7 {[%clk 0:25:34]} 24. Rc1
{[%clk 0:27:11]} g5 {[%clk 0:21:29]} 25. g3 {[%clk 0:25:36]} Qc4 {[%clk 0:21:16]}
26. Raa1 {[%clk 0:16:41]} h6 {[%clk 0:19:54]} 27. Qa2 {[%clk 0:13:44]} Qc7
{[%clk 0:12:15]} 28. b5 {[%clk 0:13:11]} Rce8 {[%clk 0:10:13]} 29. Ne1
{[%clk 0:07:17]} Kh7 {[%clk 0:09:59]} 30. Qd2 {[%clk 0:07:19]} Qc4
{[%clk 0:08:26]} 31. Nc6 {[%clk 0:05:41]} Re6 {[%clk 0:07:20]} 32. Nd4
{[%clk 0:06:07]} R6e7 {[%clk 0:07:30]} 33. Qa2 {[%clk 0:05:34]} Bxd4
{[%clk 0:06:47]} 34. cxd4 {[%clk 0:05:48]} Qxb5 {[%clk 0:07:08]} 35. Rc5
{[%clk 0:05:37]} Qb4 {[%clk 0:07:03]} 36. Qe2 {[%clk 0:05:00]} g4
{[%clk 0:06:37]} 37. Rb5 {[%clk 0:04:03]} Qd6 {[%clk 0:04:41]} 38. Qb2
{[%clk 0:03:46]} Qe6 {[%clk 0:02:56]} 39. Rb3 {[%clk 0:03:37]} Rc8
{[%clk 0:03:07]} 40. Rc1 {[%clk 0:03:20]} Rec7 {[%clk 0:02:11]} 41. Rb7
{[%clk 0:02:57]} Qd7 {[%clk 0:01:43]} 42. Rcxc7 {[%clk 0:02:26]} Rxc7
{[%clk 0:02:12]} 43. Rb8 {[%clk 0:02:31]} Rc8 {[%clk 0:00:57]} 44. Rb7
{[%clk 0:02:36]} Rc7 {[%clk 0:01:26]} 45. Rb8 {[%clk 0:03:01]} Kg7
{[%clk 0:00:48]} 46. Qa3 {[%clk 0:01:51]} Qe7 {[%clk 0:01:13]} 47. Qa6
{[%clk 0:02:03]} Qd7 {[%clk 0:00:42]} 48. Qa3 {[%clk 0:02:13]} Qe7
{[%clk 0:00:56]} 49. Qa6 {[%clk 0:02:42]} Bc2 {[%clk 0:00:43]} 50. Qa2
{[%clk 0:02:23]} Be4 {[%clk 0:01:04]} 51. Qa6 {[%clk 0:02:21]} Kg6
{[%clk 0:01:08]} 52. Rg8+ {[%clk 0:01:59]} Kh7 {[%clk 0:01:33]} 53. Rb8
{[%clk 0:02:21]} Kg6 {[%clk 0:01:55]} 54. Rg8+ {[%clk 0:01:38]} Kh5
{[%clk 0:01:35]} 55. h3 {[%clk 0:01:58]} Rb7 {[%clk 0:00:54]} 56. Qe2
{[%clk 0:00:51]} Qe6 {[%clk 0:01:00]} 57. Rh8 {[%clk 0:00:40]} Rb1
{[%clk 0:00:49]} 58. hxg4+ {[%clk 0:00:43]} fxg4 {[%clk 0:01:17]} 59. Kg1
{[%clk 0:00:53]} Kg6 {[%clk 0:01:18]} 60. Rd8 {[%clk 0:00:33]} Bf3
{[%clk 0:01:07]} 61. Qd2 {[%clk 0:00:36]} Qf5 {[%clk 0:00:37]} 62. Rg8+
{[%clk 0:00:38]} Kh7 {[%clk 0:01:03]} 63. Re8 {[%clk 0:00:52]} Qh5
{[%clk 0:00:45]} 64. Qc2+ {[%clk 0:00:56]} Be4 {[%clk 0:01:10]} 65. Qc7+
{[%clk 0:01:04]} Kg6 {[%clk 0:01:11]} 66. Rg8+ {[%clk 0:01:25]} Kf5
{[%clk 0:01:38]} 67. Qd7# {[%clk 0:01:50]} 1-0